Pays les plus médaillés aux J.O. d'été - Statistiques

Statistiques générales
  • Ce quiz a été pris 124 fois
  • Le résultat moyen est 16 sur 20
Statistiques - réponses
Hint Réponse % Correct
2764 États-Unis
100%
816 France
100%
1007 Allemagne
98%
1010 Union Soviétique
98%
409 Allemagne de l'Est
97%
725 Chine
97%
426 Russie
97%
981 Grande-Bretagne
95%
542 Japon
95%
658 Italie
91%
600 Australie
90%
353 Canada
89%
503 Suède
77%
319 Corée du Sud
74%
319 Pays-Bas
70%
298 Pologne
66%
305 Finlande
60%
308 Roumanie
45%
530 Hongrie
44%
241 Cuba
30%
Aucun quiz correspondant
Distribution des résultats
% des personnes avec chaque résultat
Percentile par nombre de réponses
Votre historique - résultats
Vous n’avez pas pris ce quiz